[Event "EWCCC Online Preliminary-C 2020"]
[Site "Online"]
[Date "2020.12.19"]
[Round "2.3"]
[White "Ptacnikova, Lenka"]
[Black "Obolentseva, Alexandra"]
[Result "0-1"]
[WhiteElo "2130"]
[BlackElo "2305"]
[Annotator "TA"]
[PlyCount "64"]
[EventDate "2020.12.19"]
[EventType "team-tourn"]
[EventCountry "NET"]
[SourceTitle "playchess.com"]
[Source "ChessBase"]
[SourceQuality "1"]

{[%evp 22,64,41,33,32,14,11,-8,0,-7,-9,-24,13,0,58,67,91,85,114,102,123,86,84,91,86,37,48,41,62,57,59,59,67,14,35,-469,7,-486,-486,-480,-480,-464,-461,-503,-453]} 1. c4 Nf6 2. g3 g6 3. Bg2 Bg7 4. Nc3 c5 5. Nf3 O-O 6. O-O Nc6 7. d4 cxd4 8. Nxd4 d6 9. Nxc6 bxc6 10. Bxc6 Rb8 11. Bg2 Qa5 12. Qc2 {12.Qd2 is the modern continuation.} Bf5 {E65: King's Indian: Fianchetto: 6...c5 7 0-0 without d5 by White.} 13. e4 Be6 $1 14. Nd5 Nxd5 {The position is equal.} 15. exd5 Bf5 16. Qe2 {[#]} Qc7 $146 ({Predecessor:} 16... Rfe8 17. g4 Bc8 18. Rd1 Ba6 19. Bf1 e6 20. Qc2 exd5 21. Rxd5 Qxd5 22. cxd5 Re1 {0-1 (39) Antoniewski,R (2540)-Papp,G (2583) Austria 2016}) 17. Re1 $36 {[%mdl 2048] White has the initiative.} Rfe8 (17... Rfc8 $11) 18. g4 $14 Bc8 19. Rb1 $1 Qd7 20. h3 e6 21. b3 Bb7 22. dxe6 Rxe6 23. Qd1 Rxe1+ 24. Qxe1 Bxg2 25. Kxg2 Qc6+ 26. f3 Re8 27. Qf2 (27. Qd2 $14) 27... d5 $11 28. cxd5 $2 {[%mdl 8192]} ({Weaker is} 28. Qxa7 dxc4 29. Be3 c3 $17) (28. Qc2 $14 {keeps the upper hand.}) 28... Qxd5 $2 (28... Qa6 $1 $19 29. Be3 Rxe3 $1 {[%mdl 576] Deflection} 30. Qxe3 Qxa2+ {[%mdl 64] Double Attack} 31. Kg3 Qxb1) 29. Bb2 $2 {[%mdl 8192] [#]} (29. Bf4 $11) 29... Qd3 $1 $19 {And now ...Re2 would win.Black is clearly winning.} 30. Re1 Rxe1 31. Qxe1 {Qe8+ is the strong threat.} Bxb2 32. h4 Bc3 {Weighted Error Value: White=0.93/Black=0.60} 0-1

[Event "EWCCC Online Preliminary-C 2020"]
[Site "Online"]
[Date "2020.12.19"]
[Round "2.3"]
[White "Johannsdottir, Johanna Bjorg"]
[Black "Melamed, Tatjana"]
[Result "0-1"]
[WhiteElo "1935"]
[BlackElo "2336"]
[Annotator "TA"]
[PlyCount "58"]
[EventDate "2020.12.19"]
[EventType "team-tourn"]
[EventCountry "NET"]
[SourceTitle "playchess.com"]
[Source "ChessBase"]
[SourceQuality "1"]

{[%evp 14,58,5,0,0,0,0,0,-14,-41,-35,-47,-50,-60,-63,-52,15,-13,16,-36,3,0,0,-58,-56,-79,-85,-81,-73,-314,-296,-277,-283,-396,-385,-393,-389,-856,-853,-29994,-29992,-29994,-29995,-29995,-29996,-29997,-29998]} 1. e4 c5 2. Nf3 e6 3. d3 Nc6 4. Nbd2 g6 5. g3 Bg7 6. Bg2 Nge7 7. O-O O-O 8. c3 e5 {A04: Unusual lines after 1 Nf3 and King's Indian Attack.} 9. a4 d6 10. Nc4 h6 {The position is equal.} 11. Ne1 Be6 12. f4 {[#]} exf4 $146 ({Predecessor:} 12... Kh7 13. f5 gxf5 14. exf5 Nxf5 15. Be4 d5 16. Bxf5+ Bxf5 17. Nxe5 Bh3 18. Nxc6 Qc7 {1-0 (33) Babic,M (2141)-Mihajlovic,M (2167) Obrenovac 2002}) 13. Bxf4 d5 $1 {[%cal Rd5c4]} 14. exd5 Bxd5 ({Black should play} 14... Nxd5 $15 15. Qc1 Nxf4 16. Qxf4 Rc8) 15. Nf3 Nf5 16. Qc2 (16. g4 $11 Nfe7 17. Bd6) 16... Re8 (16... g5 $5 {[%cal Rg5f4]} 17. Bc1 Nfe7 $11) 17. Rae1 Qd7 18. Ne3 ({White should try} 18. Qf2 $11) 18... Nxe3 $15 19. Rxe3 g5 20. Rxe8+ Rxe8 21. Bxg5 $2 {White does not recover from this.} (21. Bc1 $17) 21... Bxf3 22. Bxf3 hxg5 23. Bh5 Ne5 24. Qf2 g4 25. Qxc5 $2 (25. Qf5 Rd8 26. Qxd7 Rxd7 27. Rd1) 25... Qxd3 $19 {[#] aiming for ...Nf3+.} 26. Qc7 Qe3+ {Black mates.} 27. Rf2 Nf3+ 28. Kg2 {[#]} Nh4+ $1 {[%mdl 576] Back Rank} 29. gxh4 Qh3+ {[%mdl 64] Double Attack.  Weighted Error Value: White=0.89/Black=0.10} 0-1

[Event "EWCCC Online Preliminary-C 2020"]
[Site "Online"]
[Date "2020.12.19"]
[Round "2.4"]
[White "Pogonina, Natalija"]
[Black "Hoang, Thanh Trang"]
[Result "1/2-1/2"]
[WhiteElo "2475"]
[BlackElo "2404"]
[Annotator "TA"]
[PlyCount "86"]
[EventDate "2020.12.19"]
[EventType "team-tourn"]
[EventCountry "NET"]
[SourceTitle "playchess.com"]
[Source "ChessBase"]
[SourceQuality "1"]

{[%evp 15,86,-19,-13,-12,-6,-8,-9,-15,-1,-8,-13,-23,0,0,0,0,20,20,13,0,0,0,22,22,30,25,38,28,33,26,41,30,35,20,38,0,0,0,14,9,8,0,0,0,0,0,0,0,30,27,31,29,30,30,30,17,17,17,22,17,22,22,23,21,19,0,0,0,0,0,0,0,0]} 1. d4 e6 2. c4 f5 3. Nc3 Nf6 4. Qc2 b6 5. Bg5 Bb4 6. a3 Bxc3+ 7. Qxc3 Bb7 8. Nf3 O-O 9. e3 {E32: Nimzo-Indian: Classical (4 Qc2): 4...0-0.} d6 10. Be2 Nbd7 11. h3 {[#]} Qe7 $146 ({Predecessor:} 11... Qe8 12. Bxf6 Nxf6 13. O-O Ne4 14. Qc2 g5 15. Nd2 Nxd2 16. Qxd2 Qg6 17. d5 e5 {½-½ (24) Vachev,V (2190)-Steiner,T (1907) Sunny Beach 2012}) 12. Qc2 h6 13. Bh4 Qf7 14. Bg3 Rae8 15. Bh2 Ne4 16. O-O g5 17. Nd2 Nxd2 18. Qxd2 Nf6 19. f3 e5 20. dxe5 dxe5 21. Rad1 f4 22. Bd3 Rd8 23. Qe2 Kg7 24. Bb1 Rfe8 25. exf4 exf4 26. Qc2 Bc8 27. Rxd8 Rxd8 28. Re1 Re8 29. Rxe8 Qxe8 {[%cal Re8e1] [#]} 30. Kf1 Be6 31. Bg1 {Threatens to win with Bd4.} c5 32. Bf2 Bf7 33. b4 Qe6 34. bxc5 Qxc4+ 35. Qxc4 (35. Ke1 {is more complex.} bxc5 36. Bxc5 a6 37. Qf5 Qd5 38. Qxd5 Nxd5 39. Bd4+) 35... Bxc4+ $11 {[%mdl 4096] Endgame KBB-KBN} 36. Ke1 bxc5 37. Bxc5 a6 38. h4 Nd5 39. Be4 gxh4 {The position is equal.} 40. Bxd5 Bxd5 41. Bd6 h3 42. gxh3 Bxf3 43. Bxf4 Kg6 {Weighted Error Value: White=0.04/Black=0.06} 1/2-1/2

[Event "EWCCC Online Preliminary-C 2020"]
[Site "Online"]
[Date "2020.12.19"]
[Round "2.4"]
[White "Badelka, Olga"]
[Black "Lazarne Vajda, Szidonia"]
[Result "1-0"]
[WhiteElo "2427"]
[BlackElo "2345"]
[Annotator "TA"]
[PlyCount "67"]
[EventDate "2020.12.19"]
[EventType "team-tourn"]
[EventCountry "NET"]
[SourceTitle "playchess.com"]
[Source "ChessBase"]
[SourceQuality "1"]

{[%evp 9,67,0,18,9,27,49,38,31,31,33,29,-21,0,-2,22,35,32,30,54,59,50,43,43,60,90,101,89,83,87,33,63,16,24,23,70,64,98,51,102,88,103,100,85,75,173,97,269,263,787,792,764,750,1246,1218,1725,1674,5465,5388,2887,2796]} 1. c4 e5 2. g3 Nf6 3. Bg2 c6 4. d4 e4 5. d5 Bb4+ 6. Bd2 {A20: English Opening: 1...e5.} Bxd2+ 7. Qxd2 cxd5 8. cxd5 {White is slightly better.} O-O 9. Nc3 Re8 10. e3 Na6 11. Nge2 Nc5 12. O-O $36 {[%mdl 2048] [#] White is pushing.} d6 $146 ({Predecessor:} 12... a5 13. d6 Qb6 14. Rfd1 Ra6 15. Nf4 Qb4 16. Nfd5 Nxd5 17. Nxd5 Qxd2 18. Rxd2 Rxd6 {1-0 (34) Humphreys,J (2066)-Garnett,J (2028) England 2011}) 13. b4 $1 {[%cal Rb4c5]} Na6 14. a3 Bg4 15. h3 Bxe2 16. Qxe2 Nc7 17. Rfd1 Re5 {[%cal Rc7d5]} 18. Qc4 {[%cal Rc3e4]} Rc8 {[#] White must now prevent ...Ncxd5.} 19. Qb3 ({Avoid the trap} 19. Bxe4 $2 Ncxd5 20. Bxd5 Rxc4 $17) ({White should play} 19. Nxe4 $16 Nxe4 20. Bxe4) 19... a6 20. Rac1 (20. a4 {is interesting.} b5 21. Rd4 bxa4 22. Qxa4 Ncxd5 23. Nxd5 Rxd5 24. Rxd5 Nxd5 25. Bxe4 Nc3 26. Qc2) 20... h5 21. a4 {[%cal Ba3a4,Ba4a5][%mdl 32]} Na8 22. Rd4 Qe8 23. Rcd1 b5 ({Black should try} 23... Re7 $14) 24. a5 Qe7 25. Ne2 {[%cal Bc3e2,Be2d4,Bd4c6][%mdl 32]} g5 26. R4d2 Rc4 {[#]} (26... Qd7 $16) 27. Bf1 (27. Nd4 $1 $18) 27... Nc7 $2 {This move loses the game for Black.} (27... Rc8 $16) 28. Nd4 $18 Ncxd5 $2 (28... Rxd4 29. Rxd4 Nfxd5) 29. Bxc4 {White is clearly winning.} bxc4 30. Qxc4 Qb7 31. Nc6 Rf5 32. Rxd5 Nxd5 33. Rxd5 Rxd5 34. Qxd5 {[%mdl 64] Double Attack.  Weighted Error Value: White=0.16/Black=0.27} 1-0

[Event "EWCCC Online Preliminary-C 2020"]
[Site "Online"]
[Date "2020.12.19"]
[Round "2.4"]
[White "Gara, Ticia"]
[Black "Dordzhieva, Dinara"]
[Result "0-1"]
[WhiteElo "2383"]
[BlackElo "2352"]
[Annotator "NA RC"]
[PlyCount "100"]
[EventDate "2020.12.19"]
[EventType "team-tourn"]
[EventCountry "NET"]
[SourceTitle "playchess.com"]
[Source "ChessBase"]
[SourceQuality "1"]
[TimeControl "900+5"]

1. e4 {[%emt 0:00:07]} c5 {[%emt 0:00:06]} 2. Nf3 {[%emt 0:00:07]} d6 {[%emt 0:00:03]} 3. d4 {[%emt 0:00:04]} cxd4 {[%emt 0:00:03]} 4. Nxd4 {[%emt 0:00:03]} Nf6 {[%emt 0:00:01]} 5. Nc3 {[%emt 0:00:03]} a6 {[%emt 0:00:07]} 6. h3 {[%emt 0:00:14]} e6 {[%emt 0:00:17]} 7. g4 {[%emt 0:00:18]} h6 {[%emt 0:00:05]} 8. Bg2 {[%emt 0:00:06]} g5 {[%emt 0:00:08]} 9. b3 {[%emt 0:00:21]} Nbd7 {[%emt 0:00:12]} 10. Qd2 {[%emt 0:00:12]} Ne5 {[%emt 0:00:34]} 11. Bb2 {[%emt 0:00:03]} b5 {[%emt 0:00:07]} 12. O-O-O {[%emt 0:00:10]} Bb7 {[%emt 0:00:23]} 13. f3 {[%emt 0:01:29]} Rc8 {[%emt 0:00:30]} 14. Kb1 {[%emt 0:00:20]} Be7 {[%emt 0:00:14]} 15. Nce2 {[%emt 0:00:15]} Qc7 {[%emt 0:00:28]} 16. Nc1 {[%emt 0:01:38]} d5 {[%emt 0:01:10]} 17. f4 {[%emt 0:02:51]} gxf4 {[%emt 0:00:49]} 18. Qxf4 {[%emt 0:00:02]} dxe4 {[%emt 0:00:42]} 19. c4 {[%emt 0:01:15]} Nf3 {[%emt 0:03:32]} 20. Qxc7 {[%emt 0:00:32]} Rxc7 {[%emt 0:00:03]} 21. cxb5 {[%emt 0:00:09]} axb5 {[%emt 0:01:19]} 22. Nxb5 {[%emt 0:00:03]} Rd7 {[%emt 0:01:02]} 23. Rxd7 {[%emt 0:00:03]} Kxd7 {[%emt 0:00:01]} 24. Rd1+ {[%emt 0:00:02]} Bd5 {[%emt 0:00:18]} 25. Nc3 {[%emt 0:00:20]} Rc8 {[%emt 0:00:08]} 26. Nxe4 {[%emt 0:00:21]} Nxe4 {[%emt 0:00:31]} 27. Bxf3 {[%emt 0:00:02]} Ke8 {[%emt 0:00:03]} 28. Ne2 {[%emt 0:01:32]} Bg5 {[%emt 0:00:14]} 29. Ka1 {[%emt 0:03:26]} Nf2 {[%emt 0:00:12]} 30. Rf1 {[%emt 0:00:34]} Bxf3 {[%emt 0:01:04]} 31. Rxf2 {[%emt 0:00:02]} Be4 {[%emt 0:00:11]} 32. Nc3 {[%emt 0:00:04]} Bg6 {[%emt 0:00:22]} 33. a4 {[%emt 0:00:03]} f5 {[%emt 0:00:03]} 34. Nb5 {[%emt 0:00:16]} Rc5 {[%emt 0:00:18]} 35. Bd4 {[%emt 0:00:07]} Rc1+ {[%emt 0:00:50]} 36. Kb2 {[%emt 0:00:01]} fxg4 {[%emt 0:00:03]} 37. hxg4 {[%emt 0:00:05]} Rb1+ {[%emt 0:00:02]} 38. Kc3 {[%emt 0:00:04]} Bd8 {[%emt 0:00:13]} 39. Nd6+ {[%emt 0:00:04]} Kd7 {[%emt 0:00:02]} 40. Nc4 {[%emt 0:00:03]} Be4 {[%emt 0:00:13]} 41. Rh2 {[%emt 0:00:19]} Rc1+ {[%emt 0:00:31]} 42. Kb2 {[%emt 0:00:04]} Rb1+ {[%emt 0:00:03]} 43. Kc3 {[%emt 0:00:03]} Rc1+ {[%emt 0:00:01]} 44. Kb4 {[%emt 0:00:01]} Be7+ {[%emt 0:00:03]} 45. Bc5 {[%emt 0:00:02]} Bg5 {[%emt 0:00:06]} 46. a5 {[%emt 0:00:14]} Ra1 {[%emt 0:00:05]} 47. Ne5+ {[%emt 0:00:09]} Kc7 {[%emt 0:00:06]} 48. Bb6+ {[%emt 0:00:02]} Kb7 {[%emt 0:00:01]} 49. Rg2 {[%emt 0:00:03]} Bxg2 {[%emt 0:00:04]} 50. Nc4 {[%emt 0:00:10]} Be7+ {[%emt 0:00:02]} 0-1

[Event "EWCCC Online Preliminary-C 2020"]
[Site "Online"]
[Date "2020.12.19"]
[Round "2.4"]
[White "Papp, Petra"]
[Black "Girya, Olga"]
[Result "1/2-1/2"]
[WhiteElo "2336"]
[BlackElo "2469"]
[Annotator "TA"]
[PlyCount "79"]
[EventDate "2020.12.19"]
[EventType "team-tourn"]
[EventCountry "NET"]
[SourceTitle "playchess.com"]
[Source "ChessBase"]
[SourceQuality "1"]

{[%evp 15,79,23,33,10,30,30,31,25,60,65,86,45,64,79,94,66,77,76,115,90,100,97,116,107,137,107,137,137,137,119,150,149,150,145,145,145,145,145,159,120,120,120,145,117,145,145,145,145,145,145,145,138,138,138,138,138,138,138,138,138,138,0,138,138,138,138]} 1. e4 c6 2. d4 d5 3. Nd2 dxe4 4. Nxe4 Nf6 5. Nxf6+ exf6 6. c3 Bd6 7. Bd3 O-O 8. Ne2 Re8 9. O-O {B15: Caro-Kann: 3 Nc3: 3...g6 and 3...dxe4 4 Nxe4 Nf6 5 Nxf6+ exf6.} Nd7 10. Ng3 Nf8 11. f4 {White is slightly better.} c5 12. d5 $1 {[#]} Ng6 $146 ({Predecessor:} 12... Qc7 13. c4 Bd7 14. Bd2 b5 15. b3 b4 16. Qf3 Ng6 17. Ne4 f5 18. Nxd6 Qxd6 {½-½ (76) Scagliarini,L (1789)-Rapport,J (2385) Brixen Bressanone 2019}) 13. Qf3 Qc7 14. c4 Bd7 15. Bd2 Rad8 16. b3 Re7 17. Nf5 Bxf5 18. Bxf5 Rde8 19. Bd3 b6 20. g3 a5 21. h4 Nf8 22. h5 h6 23. Rae1 Rxe1 24. Rxe1 Rxe1+ 25. Bxe1 Qe7 26. Bd2 Qe8 27. Qe4 Qxe4 28. Bxe4 $16 {[%mdl 4096] Endgame KBB-KBN} Nd7 29. Bf5 Nb8 30. Kf2 Kf8 31. Ke3 Ke7 32. g4 Na6 33. Bc3 Nc7 34. Ke4 Ne8 35. Kf3 Kd8 36. Bd3 Be7 37. Bc2 Kc7 38. Bd3 Kd8 $1 39. Bh7 Bf8 40. Be4 {Weighted Error Value: White=0.14/Black=0.10} 1/2-1/2

[Event "EWCCC Online Preliminary-C 2020"]
[Site "Online"]
[Date "2020.12.19"]
[Round "3.1"]
[White "Gara, Anita"]
[Black "Mar, Karmen"]
[Result "1/2-1/2"]
[WhiteElo "2350"]
[BlackElo "2093"]
[Annotator "TA"]
[PlyCount "130"]
[EventDate "2020.12.19"]
[EventType "team-tourn"]
[EventCountry "NET"]
[SourceTitle "playchess.com"]
[Source "ChessBase"]
[SourceQuality "1"]

{[%evp 9,130,0,25,26,40,-16,43,28,43,43,62,48,108,108,113,82,92,96,96,66,94,40,42,38,68,68,81,84,82,59,90,86,81,86,100,72,85,96,125,91,88,103,108,92,85,52,60,69,93,41,58,51,56,48,57,64,56,33,195,195,188,172,234,260,483,94,193,86,172,165,172,151,128,34,42,46,56,25,37,8,37,14,428,400,357,183,166,152,138,129,104,115,108,125,132,0,0,0,0,0,37,46,41,0,0,0,0,0,0,0,0,0,0,0,0,0,0,0,0,0,0,0,0]} 1. e4 c5 2. Nf3 d6 3. c3 Nf6 4. h3 Nc6 5. Bd3 a6 6. Bc2 {B50: Sicilian: 2...d6, Miscellaneous.} Qc7 7. O-O (7. d4 $14) 7... e6 ({Better is} 7... g5 $1 $11) 8. Re1 $14 {White is slightly better.} Be7 9. d4 e5 10. d5 Nb8 {[#]} (10... Na5 $1 $14) 11. a4 $146 ({Predecessor:} 11. Be3 h6 12. Nbd2 g6 13. a4 b6 14. Nc4 Nbd7 15. Qd2 h5 16. Rad1 Bd8 17. Ng5 {1-0 (41) Sievilainen,T-Sorsa,N (2223) Turku 2010}) 11... b6 {[%cal Bb7b6,Bb6b5][%mdl 32]} 12. Nbd2 O-O 13. Nc4 Nbd7 14. Nh2 Bb7 15. Be3 (15. Ne3 $16) 15... b5 $14 16. Na3 bxa4 17. Nc4 Nb6 18. Nxb6 $1 Qxb6 19. Qd2 Bc8 ({Avoid the trap} 19... Qxb2 $2 20. Reb1 $18) 20. Rxa4 Bd7 21. Ra2 Qb7 22. Nf1 Bb5 23. Ng3 Bc4 24. Raa1 Rfb8 (24... Qxb2 $2 25. Reb1 $18) 25. Nf5 Bf8 26. Reb1 Bb3 27. f3 Bxc2 28. Qxc2 Qb3 29. Qf2 (29. Qxb3 $16 Rxb3 30. Bg5) 29... g6 30. Nh6+ Bxh6 31. Bxh6 {aiming for Qh4.} Ne8 32. f4 exf4 33. Qxf4 Qc2 $2 (33... Rb7 $14) 34. Rf1 $18 Rb7 35. Rf2 Qb3 (35... Qd3 $142 36. Raf1 f6) 36. Raf1 {[%cal Rf4f7] Threatens to win with Qxf7+!} Raa7 $2 {[#]} (36... f6 {was called for.} 37. Bg5 Qb6 38. Bxf6 Nxf6) 37. Qg4 $2 (37. e5 $1 $18) 37... Rc7 (37... Re7 $16) 38. Qe6 (38. h4 $18) 38... Qb8 {[#]} (38... Qa4 $16) 39. h4 $1 $40 {[%mdl 128] White wants a kill.} ({But not} 39. Qg4 Re7 $16) 39... Re7 40. Qg4 Ng7 41. Bxg7 (41. Qf4 $16) 41... Kxg7 $14 42. h5 Qe8 43. Rf4 Rab7 44. R1f2 a5 45. Qg5 h6 $2 {[%mdl 8192]} (45... Rbd7 $11 {and Black is okay.}) 46. Qf6+ $18 {[%mdl 64] Double Attack} Kh7 47. hxg6+ (47. Qxd6 $142 f5 48. exf5 gxf5 49. Rxf5) 47... fxg6 48. Qxd6 {Rf8 is the strong threat.} Rxe4 49. Rf8 Re1+ 50. Kh2 Qe5+ 51. Qxe5 Rxe5 52. R2f7+ ({White should try} 52. c4 $16) 52... Rxf7 $11 53. Rxf7+ {[%mdl 4096] Endgame KR-KR} Kg8 54. Rf6 Rxd5 55. Rxg6+ {[%mdl 64] Double Attack} Kh7 56. Ra6 c4 {The position is equal.} 57. Kg3 Rb5 58. Kf4 Rxb2 59. Rxa5 Rb3 60. Ra7+ Kg6 61. g4 Rxc3 62. Ra6+ Kg7 63. Ra7+ Kg6 64. Ra6+ Kg7 65. Ra7+ Kg6 {Blacks defense is rewarded with a draw.  Weighted Error Value: White=0.34/Black=0.37} 1/2-1/2

[Event "EWCCC Online Preliminary-C 2020"]
[Site "Online"]
[Date "2020.12.19"]
[Round "3.1"]
[White "Lazarne Vajda, Szidonia"]
[Black "Mihevc-Mohr, Narcisa"]
[Result "1-0"]
[WhiteElo "2345"]
[BlackElo "1974"]
[Annotator "TA"]
[PlyCount "67"]
[EventDate "2020.12.19"]
[EventType "team-tourn"]
[EventCountry "NET"]
[SourceTitle "playchess.com"]
[Source "ChessBase"]
[SourceQuality "1"]

{[%evp 23,67,27,40,4,36,46,63,68,127,81,98,86,160,29,4,0,8,19,181,165,200,208,210,206,185,133,135,129,178,188,320,333,327,262,570,564,676,679,995,947,29993,29994,29994,5631,5117,3059]} 1. d4 Nf6 2. c4 g6 3. Nc3 Bg7 4. g3 O-O 5. Bg2 d6 6. Nf3 Nbd7 7. O-O Re8 8. e4 e5 9. h3 exd4 10. Nxd4 Nc5 11. Re1 a5 12. b3 {12.Ndb5 is the modern continuation.} h6 13. Bb2 {E68: King's Indian: Fianchetto: 6...Nbd7 7 0-0 e5 8 e4.} Nh7 14. Qd2 {[#]} c6 $146 ({Predecessor:} 14... Ng5 15. h4 Nh7 16. Ndb5 Bd7 17. Rad1 Nf8 18. Nd5 Nfe6 19. Bxg7 Kxg7 20. Qc3+ f6 {1-0 (62) Pachta,P (2098)-Plassnig,M Illmitz 2004}) 15. Rad1 {White is slightly better.} Qf6 (15... a4 $14) 16. Kh2 h5 17. Nf3 {And now Na4 would win.} Qe6 ({Better is} 17... Nxe4 18. Nxe4 (18. Rxe4 Rxe4 19. Nxe4 {[%mdl 64] Discovered Attack} Qxb2 $14) 18... Qxb2) 18. Qxd6 (18. Ba3 $16) 18... Qxd6 $11 19. Rxd6 a4 20. b4 Ne6 $2 {[#] This move loses the game for Black.} (20... a3 $11 {and Black has nothing to worry.} 21. Ba1 Na4 22. Nxa4 Rxa4) 21. a3 $18 Neg5 22. Nxg5 Nxg5 23. f4 Ne6 24. Nd1 (24. e5 $18) 24... Bf8 $16 25. Rd3 c5 26. b5 Rd8 (26... h4 $142 27. Ne3 hxg3+ 28. Kxg3 Nd4) 27. Rxd8 $18 Nxd8 28. Ne3 Be6 $2 (28... Ne6 {is a better chance.} 29. f5 Nd4) 29. f5 gxf5 30. exf5 Bc8 31. Nd5 Bg7 32. Re8+ {[%mdl 64] [#] Double Attack} Kh7 33. Bxg7 (33. f6 $142 Ne6 34. Be4+ Kh6 35. fxg7 Nd4 36. g8=Q f5 37. Bc1+ f4 38. Bxf4#) 33... Kxg7 34. Rxd8 {Weighted Error Value: White=0.30/Black=0.95} 1-0

[Event "EWCCC Online Preliminary-C 2020"]
[Site "Online"]
[Date "2020.12.19"]
[Round "3.1"]
[White "Hrenic, Misa"]
[Black "Papp, Petra"]
[Result "1/2-1/2"]
[WhiteElo "2020"]
[BlackElo "2336"]
[Annotator "TA"]
[PlyCount "53"]
[EventDate "2020.12.19"]
[EventType "team-tourn"]
[EventCountry "NET"]
[SourceTitle "playchess.com"]
[Source "ChessBase"]
[SourceQuality "1"]

{[%evp 19,53,-15,-25,-34,-39,-29,-21,-14,-27,-4,24,25,17,16,14,20,184,183,170,175,179,115,233,231,350,351,526,513,505,214,480,0,395,0,435,0]} 1. e4 c5 2. Nf3 d6 3. d4 cxd4 4. Nxd4 Nf6 5. Nc3 a6 6. Bc4 e6 7. a3 Be7 8. Ba2 O-O 9. O-O b5 10. f4 Bb7 11. f5 {B86: Sicilian Scheveningen/Najdorf: 6 Bc4, without early ...b5.} e5 12. Nde2 $1 Nxe4 13. Nxe4 {The position is equal.} Bxe4 14. Ng3 $1 {[%cal Rg3e4]} Bb7 {[#]} 15. f6 $1 {[%mdl 512]} Bxf6 {...Qb6+ is the strong threat.} 16. Nh5 $1 $36 {[%cal Rh5f6][%mdl 2048] [#] White is pushing.} Qb6+ $146 ({Predecessor:} 16... Nd7 17. Qg4 Qb6+ 18. Kh1 Kh8 19. Rxf6 Rg8 20. Rxf7 Nf6 21. Nxf6 gxf6 22. Rxh7+ Kxh7 23. Qh5+ {1-0 (23) Pap,M (2422)-Sahovic,D (2387) Belgrade 2001}) 17. Kh1 Qd4 $2 (17... Kh8 $1 $11) 18. Qxd4 $18 exd4 19. Nxf6+ gxf6 20. Rxf6 (20. Bh6 $18 Nd7 21. Rf4 (21. Bxf8 Kxf8 22. Rad1 Rc8 $16)) 20... d5 {[#]} (20... Nd7 $16 21. Rxd6 {[%mdl 64] Double Attack} Ne5) 21. Bh6 $1 {[%mdl 1024] White has strong compensation.} Nd7 (21... Re8 {keeps fighting.} 22. Raf1 Nd7 23. Rxf7 Bc6) 22. Rf5 {White threatens Rg5+ and mate.} Rfe8 (22... f6 {was called for.} 23. Bxf8 (23. Bxd5+ Bxd5 24. Rxd5 {[%mdl 64] Double Attack} Rfd8 $16) 23... Kxf8 24. Bxd5 Bxd5) 23. Rg5+ Kh8 24. Bg7+ Kg8 25. Bh6+ Kh8 26. Bg7+ Kg8 27. Bh6+ $2 {Weighted Error Value: White=0.42/Black=0.57} (27. Be5+ $18 Kf8 28. Bd6+ Re7 29. Re1 {[%mdl 64] Pin}) 1/2-1/2

[Event "EWCCC Online Preliminary-C 2020"]
[Site "Online"]
[Date "2020.12.19"]
[Round "3.1"]
[White "Heric, Meta"]
[Black "Gara, Ticia"]
[Result "0-1"]
[WhiteElo "1318"]
[BlackElo "2383"]
[Annotator "NA RC"]
[PlyCount "88"]
[EventDate "2020.12.19"]
[EventType "team-tourn"]
[EventCountry "NET"]
[SourceTitle "playchess.com"]
[Source "ChessBase"]
[SourceQuality "1"]
[TimeControl "900+5"]

1. e4 {[%emt 0:00:00]} c5 {[%emt 0:00:02]} 2. Nc3 {[%emt 0:00:06]} Nc6 {[%emt 0:00:05]} 3. f4 {[%emt 0:00:02]} g6 {[%emt 0:00:03]} 4. Nf3 {[%emt 0:00:05]} Bg7 {[%emt 0:00:02]} 5. Bb5 {[%emt 0:00:02]} Nd4 {[%emt 0:00:02]} 6. O-O {[%emt 0:00:04]} Nxb5 {[%emt 0:00:03]} 7. Nxb5 {[%emt 0:00:02]} d6 {[%emt 0:00:01]} 8. Nc3 {[%emt 0:00:06]} Nf6 {[%emt 0:00:13]} 9. d3 {[%emt 0:00:05]} O-O {[%emt 0:00:16]} 10. Qe1 {[%emt 0:00:03]} e6 {[%emt 0:00:08]} 11. e5 {[%emt 0:00:43]} Ne8 {[%emt 0:04:30]} 12. Qg3 {[%emt 0:00:25]} d5 {[%emt 0:00:21]} 13. Nh4 {[%emt 0:01:23]} f5 {[%emt 0:01:03]} 14. Qh3 {[%emt 0:02:07]} Nc7 {[%emt 0:00:36]} 15. g4 {[%emt 0:00:29]} b6 {[%emt 0:01:07]} 16. Kf2 {[%emt 0:01:39]} d4 {[%emt 0:00:05]} 17. Ne2 {[%emt 0:00:10]} Bb7 {[%emt 0:00:37]} 18. Rg1 {[%emt 0:00:12]} Qd5 {[%emt 0:00:48]} 19. gxf5 {[%emt 0:00:18]} exf5 {[%emt 0:00:06]} 20. Rg3 {[%emt 0:01:04]} Ne6 {[%emt 0:00:20]} 21. Bd2 {[%emt 0:00:23]} Rac8 {[%emt 0:01:41]} 22. Rag1 {[%emt 0:00:08]} c4 {[%emt 0:00:37]} 23. Nf3 {[%emt 0:03:03]} cxd3 {[%emt 0:00:38]} 24. cxd3 {[%emt 0:00:23]} Rc2 {[%emt 0:00:06]} 25. Qf1 {[%emt 0:01:02]} Rfc8 {[%emt 0:00:17]} 26. h4 {[%emt 0:00:09]} Nc5 {[%emt 0:00:41]} 27. Ng5 {[%emt 0:00:39]} Rxd2 {[%emt 0:00:22]} 28. h5 {[%emt 0:00:48]} Nxd3+ {[%emt 0:00:26]} 29. Rxd3 {[%emt 0:00:15]} Rxd3 {[%emt 0:00:04]} 30. hxg6 {[%emt 0:00:34]} Rf3+ {[%emt 0:00:13]} 31. Nxf3 {[%emt 0:00:07]} Qxf3+ {[%emt 0:00:02]} 32. Ke1 {[%emt 0:00:13]} Qxf1+ {[%emt 0:00:01]} 33. Kxf1 {[%emt 0:00:07]} hxg6 {[%emt 0:00:07]} 34. Rxg6 {[%emt 0:00:04]} Ba6 {[%emt 0:00:20]} 35. Kf2 {[%emt 0:00:10]} Rc2 {[%emt 0:00:04]} 36. Kf3 {[%emt 0:00:15]} Bxe2+ {[%emt 0:00:05]} 37. Kg3 {[%emt 0:00:03]} Kf7 {[%emt 0:00:11]} 38. Rg5 {[%emt 0:00:05]} Bg4 {[%emt 0:00:06]} 39. Kh4 {[%emt 0:00:03]} d3 {[%emt 0:00:06]} 40. e6+ {[%emt 0:00:05]} Kxe6 {[%emt 0:00:03]} 41. Rxg7 {[%emt 0:00:03]} d2 {[%emt 0:00:01]} 42. Rxa7 {[%emt 0:00:05]} d1=Q {[%emt 0:00:05]} 43. Ra6 {[%emt 0:00:10]} Qh1+ {[%emt 0:00:02]} 44. Kg3 {[%emt 0:00:10]} Qh3# {[%emt 0:00:03]} 0-1